00305nam a2200121Ia 4500008004100000041000800041082001300049100002500062245003100087260003900118300001900157365000700176240624s9999 xx 000 0 und d aeng a823 GAR  aGARDNER ERLE STANLEY aCASE OF THE FUGITIVE NURSE c2006aNew DelhibMaster Mind Books a216 p.; 17 cm. cRS